Europokal der Pokalsieger - Statistiken

Allgemein
  • Dieses Quiz wurde 30 mal gespielt
  • Das Durchschnittsergebnis liegt bei 85 aus 198
Antwortstatistiken
Saison Runde Teilnehmer Heim Auswärts Nation % Korrekt
Viertel FC Schalke 04 2-1 0-3 Tschechoslowakei Sparta Prag
95%
2 Werder Bremen 2-3 0-1 Tschechien Sparta Prag
95%
1 FC Carl Zeiss Jena 1-0 n.V 0-1 3-2 n.E Tschechoslowakei Slavia Prag
89%
Viertel VfB Stuttgart 2-0 1-1 Tschechien Slavia Prag
89%
Viertel Werder Bremen 1-1 1-3 Spanien Atletico Madrid
79%
Halb SC Motor Jena 0-1 0-4 Spanien Atletico Madrid
79%
Halb 1. FC Nürnberg 2-1 0-2 Spanien Atletico Madrid
79%
Viertel Borussia Dortmund 1-0 1-1 Spanien Atletico Madrid
79%
2 Eintracht Frankfurt 1-0 2-1 Spanien Atletico Madrid
79%
Halb Hamburger SV 3-0 1-3 Spanien Atlético Madrid
79%
Halb Bayer 05 Uerdingen 2-3 0-1 Spanien Atletico Madrid
79%
2 FC Vorwärts Berlin 2-0 n.V 0-2 5-3 n.E Portugal Benfica Lissabon
79%
2 FC Carl Zeiss Jena 1-1 0-0 Auswärtstore Portugal Benfica Lissabon
79%
Viertel Fortuna Düsseldorf 2-2 0-1 Portugal Benfica Lissabon
79%
Halb FC Carl Zeiss Jena 2-0 0-1 Portugal Benfica Lissabon
79%
Viertel Bayer 04 Leverkusen 4-4 1-1 Auswärtstore Portugal Benfica Lissabon
79%
1 Hamburger SV 0-0 4-4 3. Spiel 3-2 Spanien FC Barcelona
79%
Halb 1. FC Köln 2-2 1-4 Spanien FC Barcelona
79%
Finale Fortuna Düsseldorf 3-4 n.V in Basel Spanien FC Barcelona
79%
Viertel 1. FC Lokomotive Leipzig 0-3 2-1 Spanien FC Barcelona
79%
1 1. FC Magdeburg 1-5 0-2 Spanien FC Barcelona
79%
Viertel BSG Sachsenring Zwickau 1-0 1-1 Schottland Celtic Glasgow
74%
1 TSV 1860 München 1-1 1-0 Portugal FC Porto
74%
1977/78 1 1. FC Köln 2-2 0-1 Portugal FC Porto
74%
Viertel Hamburger SV 1-1 0-2 Frankreich Olympique Lyon
74%
Viertel Hamburger SV 2-0 0-2 n.V 3. Spiel 2-0 Frankreich Olympique Lyon
74%
Halb 1. FC Magdeburg 2-1 1-1 Portugal Sporting Lissabon
74%
Halb FC Bayern München 0-0 0-2 Italien AC Mailand
68%
Finale Hamburger SV 0-2 in Rotterdam Italien AC Mailand
68%
Halb Borussia Mönchengladbach 1-0 0-2 Italien AC Mailand
68%
Finale 1. FC Magdeburg 2-0 in Rotterdam Italien AC Mailand
68%
Finale 1. FC Lokomotive Leipzig 0-1 in Athen Niederlande Ajax Amsterdam
68%
2 Hamburger SV 0-1 0-2 Niederlande Ajax Amsterdam
68%
1 Dynamo Dresden 3-2 1-2 Auswärtstore Dänemark B.93 Kopenhagen
68%
2 1. FC Magdeburg 2-2 1-2 England FC Arsenal
68%
Finale VfB Stuttgart 0-1 in Solna England FC Chelsea
68%
Finale Borussia Dortmund 2-1 n.V in Glasgow England FC Liverpool
68%
2 FC Bayern München 3-1 0-0 England FC Liverpool
68%
Viertel Borussia Mönchengladbach 0-3 0-8 Schottland Glasgow Rangers
68%
2 Borussia Dortmund 0-0 1-2 Schottland Glasgow Rangers
68%
Finale FC Bayern München 1-0 n.V in Nürnberg Schottland Glasgow Rangers
68%
Halb FC Bayern München 1-1 0-2 Schottland Glasgow Rangers
68%
2 Borussia Mönchengladbach 3-0 2-3 Schottland Glasgow Rangers
68%
1979/80 1 Fortuna Düsseldorf 0-0 1-2 Schottland Glasgow Rangers
68%
1 1. FC Lokomotive Leipzig 0-0 0-1 Frankreich Olympique Marseille
68%
1 FC Carl Zeiss Jena 4-0 0-3 Italien AS Rom
63%
Viertel FC Bayern München 2-0 2-1 Italien AS Rom
63%
2 1. FC Lokomotive Leipzig 1-1 1-2 Spanien Betis Sevilla
63%
Viertel FC Bayern München 1-0 1-1 Spanien FC Valencia
63%
2 FC Carl Zeiss Jena 3-1 0-1 Spanien FC Valencia
63%
Viertel FC Vorwärts Berlin 1-0 0-2 Niederlande PSV Eindhoven
63%
Viertel Eintracht Frankfurt 2-1 0-2 England Tottenham Hotspur
63%
2 FC Bayern München 4-1 1-1 England Tottenham Hotspur
63%
2 Borussia Mönchengladbach 4-1 1-0 Griechenland AEK Athen
58%
Halb Hamburger SV 1-1 3-2 Wales Cardiff City
58%
1 BFC Dynamo 1-1 n.V 1-1 5-4 n.E Wales Cardiff City
58%
Halb BFC Dynamo 1-1 1-1 n.V 1-4 n.E UdSSR Dynamo Moskau
58%
Quali SC Aufbau Magdeburg 1-1 1-1 3. Spiel 1-1 Münzwurf Türkei Galatasaray Istanbul
58%
2 Bayer 05 Uerdingen 2-0 1-1 Türkei Galatasaray Istanbul
58%
1 Eisenhüttenstädter FC Stahl 1-2 0-3 Türkei Galatasaray Istanbul
58%
Viertel Werder Bremen 2-1 0-0 Türkei Galatasaray Istanbul
58%
1988/89 1 Eintracht Frankfurt 1-0 0-0 Schweiz Grasshopper Club Zürich
58%
Halb VfB Stuttgart 2-1 1-0 Russland Lokomotive Moskau
58%
Halb FC Schalke 04 1-0 1-5 England Manchester City
58%
1962/63 1 SC Chemie Halle 3-3 0-2 Jugoslawien OFK Belgrad
58%
1 FC Bayern München 5-0 2-1 Griechenland Panathinaikos Athen
58%
1 BSG Sachsenring Zwickau 2-0 0-0 Griechenland Panathinaikos Athen
58%
2 Bayer 04 Leverkusen 1-2 4-1 Griechenland Panathinaikos Athen
58%
1996/97 1 1. FC Kaiserslautern 1-0 0-4 n. V Serbien Roter Stern Belgrad
58%
Viertel FC Bayern München 2-0 n.V 0-1 Österreich SK Rapid Wien
58%
Viertel Dynamo Dresden 3-0 0-5 Österreich SK Rapid Wien
58%
2 1. FC Lokomotive Leipzig 2-1 n. V 1-1 Österreich SK Rapid Wien
58%
1 BSG Motor Zwickau 0-0 0-1 UdSSR Torpedo Moskau
58%
1982/83 1 FC Bayern München 0-0 1-1 Auswärtstore UdSSR Torpedo Moskau
58%
2 VfB Stuttgart 3-5 0-2 UdSSR Torpedo Moskau
58%
Viertel FC Schalke 04 1-0 3-1 Jugoslawien Dinamo Zagreb
53%
Viertel Bayer 05 Uerdingen 7-3 0-2 DDR Dynamo Dresden
53%
1968/69 1 1. FC Köln 3-0 1-2 Frankreich Girodins Bordeaux
53%
Halb 1. FC Lokomotive Leipzig 1-0 n. V 0-1 6-5 n. E Frankreich Girodins Bordeaux
53%
1 BSG Motor Zwickau 1-0 0-2 Ungarn MTK Budapest
53%
1 1. FC Magdeburg 1-0 1-1 n.V Ungarn MTK Budapest
53%
Viertel Hamburger SV 4-1 1-1 Ungarn MTK-VM SK Budapest
53%
Halb BSG Sachsenring Zwickau 0-3 0-2 Belgien RSC Anderlecht
53%
Finale Hamburger SV 2-0 in Amsterdam Belgien RSC Anderlecht
53%
2 Hamburger SV 1-2 1-1 Belgien RSC Anderlecht
53%
2 BSG Sachsenring Zwickau 1-0 n.V 0-1 4-5 n. E Italien AC Florenz
47%
Halb TSV 1860 München 3-1 0-2 3. Spiel 2-0 Italien AC Turin
47%
1974/75 1 Eintracht Frankfurt 3-0 2-2 Frankreich AS Monaco
47%
2 BFC Dynamo 1-1 n. V 0-0 Auswärtstore Frankreich AS Monaco
47%
Finale Werder Bremen 2-0 in Lissabon Frankreich AS Monaco
47%
1 Dynamo Dresden 2-1 2-3 Auswärtstore Belgien Cercle Brügge
47%
2 Eintracht Frankfurt 2-3 1-2 UdSSR Dynamo Kiew
47%
1 Kickers Offenbach 2-1 0-2 Belgien FC Brügge
47%
Halb Werder Bremen 2-0 0-1 Belgien FC Brügge
47%
Viertel Borussia Mönchengladbach 2-2 0-1 Niederlande Feyenoord Rotterdam
47%
1 PSV Schwerin 0-2 0-0 Österreich FK Austria Wien
47%
1 Dynamo Dresden 4-1 0-2 Schweden Malmö FF
47%
1 FC Schalke 04 2-1 3-1 Bulgarien Slawia Sofia
47%
Viertel FC Bayern München 0-0 1-1 Auswärtstore Rumänien Steaua Bukarest
47%
1 Borussia Dortmund 3-0 2-4 Bulgarien ZSKA Sofia
47%
1989/90 1 Borussia Dortmund 2-1 1-0 Türkei Besiktas Istanbul
42%
2 Fortuna Düsseldorf 3-0 0-2 Schottland FC Aberdeen
42%
Viertel FC Bayern München 0-0 2-3 Schottland FC Aberdeen
42%
2 Dynamo Dresden 7-2 0-1 Finnland HJK Helsinki
42%
2 FC Carl Zeiss Jena 1-1 1-3 Italien Sampdoria Genua
42%
2 Borussia Dortmund 1-1 0-2 Italien Sampdoria Genua
42%
1990/91 1 1. FC Kaiserslautern 1-0 0-2 Italien Sampdoria Genua
42%
Viertel Eintracht Frankfurt 1-0 2-0 Österreich SK Sturm Graz
42%
1965/66 Quali SC Magdeburg 1-0 2-0 Luxemburg Spora Luxemburg
42%
1980/81 1 Fortuna Düsseldorf 5-0 3-0 Österreich SV Austria Salzburg
42%
1963/64 Quali Hamburger SV 4-0 3-2 Luxemburg US Luxembourg
42%
1964/65 Quali TSV 1860 München 6-0 4-0 Luxemburg US Luxembourg
42%
1 1. FC Magdeburg 4-0 1-1 Island Valur Reykjavík
42%
1 BFC Dynamo 2-1 2-1 Island Valur Reykjavík
42%
2 1. FC Nürnberg 3-0 0-0 Frankreich AS Saint Etienne
37%
Achtel FC Carl Zeiss Jena 0-0 0-2 England Leeds United
37%
Viertel TSV 1860 München 0-0 4-0 Polen Legia Warschau
37%
1966/67 1 BSG Chemie Leipzig 3-2 2-2 Polen Legia Warschau
37%
1994/95 1 Werder Bremen 2-0 0-0 Israel Maccabi Tel Aviv
37%
1971/72 1 FC Bayern München 6-1 1-0 Tschechoslowakei Skoda Pilsen
37%
1 1. FC Köln 7-1 0-1 Österreich SSW Innsbruck
37%
2 Hamburger SV 4-0 1-0 Polen Wisla Krakau
37%
1993/94 1 Bayer 04 Leverkusen 2-0 3-0 Tschechien FC Boby Brünn
32%
1998/99 1 MSV Duisburg 1-1 0-5 Belgien KRC Genk
32%
1960/61 1 ASK Vorwärts Berlin 2-1 0-2 Tschechoslowakei Spartak Brno ZJŠ
32%
1986/87 1 VfB Stuttgart 1-0 0-0 Tschechoslowakei Spartak Trnava
32%
2 BSG Chemie Leipzig 2-1 0-1 Auswärtstore Belgien Standard Lüttich
32%
Halb FC Bayern München 2-0 3-1 Belgien Standard Lüttich
32%
1 1. FC Lokomotive Leipzig 2-1 1-0 Wales Swansea City
32%
1983/84 Quali 1. FC Magdeburg 1-0 1-1 Wales Swansea City
32%
1961/62 1 SC Motor Jena 2-2 5-1 Wales Swansea Town
32%
Finale TSV 1860 München 0-2 in London England West Ham United
32%
Viertel SC Magdeburg 1-1 0-1 England West Ham United
32%
Halb Borussia Dortmund 3-1 2-1 England West Ham United
32%
Halb Eintracht Frankfurt 2-1 1-3 England West Ham United
32%
2 Werder Bremen 2-0 3-2 Dänemark Aarhus GF
26%
Achtel FC Schalke 04 3-0 0-0 Irland Cork Hibernians
26%
Halb FC Bayern München 0-0 1-3 England FC Everton
26%
2 1. FC Magdeburg 1-0 1-2 Auswärtstore Ungarn Ferencváros Budapest
26%
2 Werder Bremen 3-2 1-0 Ungarn Ferencváros Budapest
26%
1 Eintracht Frankfurt 2-0 0-2 n. V 5-4 n. E Griechenland PAOK Saloniki
26%
Viertel Fortuna Düsseldorf 0-0 1-1 Auswärtstore Schweiz Servette Genf
26%
2 1. FC Köln 3-0 1-0 Niederlande ADO Den Haag
21%
2 FC Bayern München 4-1 0-2 Bulgarien AFD Trakia Plowdiw
21%
2 SC Motor Jena 7-0 2-2 Luxemburg Alliance Düdelingen
21%
Viertel 1. FC Nürnberg 6-0 1-0 Dänemark B 1909 Odense
21%
2 Dynamo Dresden 3-1 0-0 Frankreich FC Metz
21%
1970/71 1 FC Vorwärts Berlin 0-0 1-1 Auswärtstore Italien FC Bologna
16%
1 SC Magdeburg 8-1 2-2 Schweiz FC Sion
16%
Viertel 1. FC Lokomotive Leipzig 2-0 0-0 Schweiz FC Sion
16%
Viertel Borussia Mönchengladbach 5-0 2-0 Nordirland Glentoran FC
16%
1 1. FC Lokomotive Leipzig 2-0 1-1 Nordirland Glentoran FC
16%
1992/93 1 Werder Bremen 3-1 1-2 Deutschland Hannover 96
16%
Viertel Eintracht Frankfurt 0-0 0-1 Belgien KV Mechelen
16%
1973/74 1 1. FC Magdeburg 2-0 0-0 Niederlande NAC Breda
16%
2 FC Bayern München 3-2 1-1 Irland Shamrock Rovers
16%
1969/70 1 FC Schalke 04 3-0 1-2 Irland Shamrock Rovers
16%
2 Eintracht Frankfurt 2-0 0-1 UdSSR SKA Rostow
16%
2 1. FC Köln 4-2 1-3 Auswärtstore Ungarn Újpesti Dózsa SC Budapest
16%
2 1. FC Magdeburg 0-2 1-0 Portugal Academica de Coimbra
11%
2 1. FC Magdeburg 3-0 n.V 0-2 Tschechoslowakei Banik Ostrava
11%
Viertel 1. FC Magdeburg 2-1 2-4 Tschechoslowakei Banik Ostrava
11%
Finale FC Carl Zeiss Jena 1-2 in Düsseldorf Russland Dinamo Tiflis
11%
1987/88 1 Hamburger SV 3-0 5-0 Luxemburg FC Avenir Beggen
11%
1981/82 Quali 1. FC Lokomotive Leipzig 5-0 0-2 Rumänien FC Politehnica Timișoara
11%
2 VfB Stuttgart 2-4 4-0 Belgien Germinal Ekeren
11%
1 1. FC Lokomotive Leipzig 2-0 1-5 Schottland Heart of Midlothian
11%
2 Hamburger SV 4-2 4-1 Schottland Heart of Midlothian
11%
1976/77 1 Hamburger SV 3-0 1-1 Island IB Keflavik
11%
2 FC Schalke 04 1-0 0-0 Schweden IFK Norrköping
11%
1 FC Carl Zeiss Jena 5-0 0-1 Österreich Kremser SC
11%
Halb Fortuna Düsseldorf 1-0 1-0 Belgien KSK Beveren
11%
1995/96 1 Borussia Mönchengladbach 3-0 3-2 Nordmazedonien Sileks Kratovo
11%
Viertel FC Carl Zeiss Jena 2-2 1-0 Wales AFC Newport County
5%
1 1. FC Magdeburg 5-2 n.V 2-3 Wales AFC Wrexham
5%
Viertel BFC Dynamo 2-2 2-0 Schweden Atvidabergs FF
5%
Viertel 1. FC Magdeburg 2-0 1-1 Bulgarien Beroe Stara Sagora
5%
1975/76 1 Eintracht Frankfurt 5-1 6-2 Nordirland Coleraine FC
5%
1 1. FC Lokomotive Leipzig 2-2 4-1 Nordirland Coleraine FC
5%
1978/79 1 Fortuna Düsseldorf 1-1 4-3 Rumänien CS Universitatea Craiova
5%
1991/92 1 Werder Bremen 5-0 6-0 Rumänien FC Bacau
5%
Quali Borussia Dortmund 8-0 5-1 Malta FC Floriana
5%
1985/86 1 Bayer 05 Uerdingen 9-0 3-0 Malta FC Żurrieq
5%
2 Werder Bremen 3-4 0-1 Niederlande Feyenoord Rotterdam
5%
1 Borussia Mönchengladbach 9-1 7-0 Island IBV Vestmannaeyja
5%
1997/98 1 VfB Stuttgart 2-1 3-1 Island ÍBV Vestmannaeyja
5%
2 BFC Dynamo 3-1 3-1 Belgien K. Beerschot VAC
5%
2 Fortuna Düsseldorf 1-0 0-0 Belgien KSV THOR Waterschei
5%
1 Hamburger SV 8-1 5-2 Finnland Lahden Reipas
5%
Viertel SC Motor Jena 1-1 3-1 Portugal Leixoes SC
5%
1972/73 1 FC Carl Zeiss Jena 6-1 2-3 Finnland Mikkelin Palloilijat
5%
1984/85 1 FC Bayern München 4-1 2-1 Norwegen Moss FK
5%
1967/68 1 Hamburger SV 5-3 2-0 Dänemark Randers Freja
5%
Viertel 1. FC Köln 2-1 3-0 Dänemark Randers Freja
5%
2 Eintracht Frankfurt 3-1 3-0 Türkei Sakaryaspor
5%
1 FC Bayern München 3-2 1-1 Tschechoslowakei Tatran Presov
5%
2 1. FC Lokomotive Leipzig 1-1 1-1 n. V 3-0 n. E Jugoslawien Velez Mostar
5%
2 FC Bayern München 6-2 1-1 Portugal Vitoria Setubal
5%
Keine übereinstimmenden Quizze gefunden
Verteilung der Resultate
Anzahl Personen mit jedem Resultat
Perzentil nach korrekt beantworteten Fragen
Ihre Resultats-Entwicklung
Sie haben dieses Quiz noch nicht gespielt